Erosión hídrica principios y técnicas de manejo /

Guardado en:
Autor Corporativo: Universidad Nacional de Río Cuarto. Facultad de Agronomía y Veterinaria.
Otros Autores: Cisneros, José M.
Formato: Electrónico
Idioma:Spanish
Publicado: Río Cuarto, Córdoba : UniRío, 2012.
Series:Colección Académico-Científica
Materias:
Acceso en línea:Acceso a texto completo
Etiquetas: Agregar Etiqueta
Sin Etiquetas, Sea el primero en etiquetar este registro!
LEADER 01715nmm a22003135a 4500
001 EEA.libagro011214
008 200407s2012####ag##################spa
005 20210220163437.0
245 1 0 |a Erosión hídrica  |h [recurso electrónico] :  |b principios y técnicas de manejo /  |c José Manuel Cisneros ... [et al.]. 
260 |a Río Cuarto, Córdoba :  |b UniRío,  |c 2012. 
300 |a 1 recurso en línea (290 p.) 
336 |a text  |b txt  |2 rdacontent 
337 |a computer  |b c  |2 rdamedia 
338 |a online resource  |b cr  |2 rdacarrier 
490 1 |a Colección Académico-Científica 
505 0 |a Capítulo 1: Introducción -- Capítulo 2: Conceptos de hidrología superficial -- Capítulo 3: El proceso de la erosión hídrica -- Capítulo 4: Manejo agronómico de la infiltración -- Capítulo 5: Técnicas de manejo del relieve -- Capítulo 6: Técnicas de control de escurrimientos -- Capítulo 7: Control de erosión en áreas críticas. Técnicas de bioingeniería -- Capítulo 8: Teledetección y SIGpara el ordenamiento de tierras sujetas a erosión hídrica. 
533 |a Reproducción electrónica. 
538 |a Modo de acceso: World Wide Web. 
500 |a Título tomado de www.unrc.edu.ar (visto el 7 de abril de 2020). 
020 |a 9789876880244 
020 |a 9876880241 
700 1 |a Cisneros, José M. 
710 2 |a Universidad Nacional de Río Cuarto.  |b Facultad de Agronomía y Veterinaria. 
650 7 |a Erosión  |2 agrovoc 
650 7 |a Erosión hídrica  |2 agrovoc 
650 7 |a Erosión en surco  |2 agrovoc 
650 7 |a Erosión pluvial  |2 agrovoc 
655 4 |a Libros electrónicos 
856 4 0 |3 Acceso a texto completo  |u https://www.unrc.edu.ar/unrc/comunicacion/editorial/repositorio/978-987-688-024-4.pdf